|
|
|
|
| LEADER |
01054nam a2200325 4500 |
| 001 |
DLU110130320 |
| 005 |
##20111223 |
| 040 |
# |
# |
|a DLU
|b eng
|
| 041 |
# |
# |
|a eng
|
| 044 |
# |
# |
|a us
|
| 245 |
# |
# |
|a Investigating an invariant item ordering for polytomously scored items /
|c Rudy Ligtvoet ... [et al.].
|
| 653 |
# |
# |
|a Coefficient HT
|
| 653 |
# |
# |
|a Invariant item ordering
|
| 653 |
# |
# |
|a Item response function for polytomous items
|
| 653 |
# |
# |
|a Item step response function
|
| 653 |
# |
# |
|a Polytomous item response theory models
|
| 700 |
# |
# |
|a Ark, L.Andries van der.
|
| 700 |
# |
# |
|a Ligtvoet, Rudy.
|
| 700 |
# |
# |
|a Marvelde, Janneke M. te.
|
| 700 |
# |
# |
|a Sijtsma, Klaas.
|
| 773 |
# |
# |
|t Educational and Psychological Measurement
|g Vol. 70, no. 4 (August 2010), p. 578-595
|
| 920 |
# |
# |
|a Phòng Tạp chí -- Trung tâm Thông tin - Thư viện Trường Đại học Đà Lạt
|
| 994 |
# |
# |
|a DLU
|
| 900 |
# |
# |
|a True
|
| 911 |
# |
# |
|a Trương Bảo Trâm Anh
|
| 925 |
# |
# |
|a G
|
| 926 |
# |
# |
|a A
|
| 927 |
# |
# |
|a BB
|
| 980 |
# |
# |
|a Thư viện Trường Đại học Đà Lạt
|